[Event "European Rapid Championship"]
[Site "Warsaw POL"]
[Date "2010.12.18"]
[Round "7"]
[White "Sotsky,A"]
[Black "Maiorov,N1"]
[Result "1-0"]
[WhiteElo "2410"]
[BlackElo "2546"]

1.d4 Nf6 2.Bg5 e6 3.e3 h6 4.Bh4 c5 5.c3 b6 6.f4 Bb7 7.Nf3 Be7 8.Bxf6 Bxf6
9.Bd3 d6 10.O-O Nd7 11.Nbd2 Qc7 12.Qe2 g6 13.Ne4 Bg7 14.Ng3 O-O-O 15.Ba6 Bxa6
16.Qxa6+ Qb7 17.Qc4 Kb8 18.a4 Rc8 19.Qb3 a6 20.Rad1 Rhd8 21.h4 Nf6 22.h5 gxh5
23.Rfe1 Bh8 24.f5 c4 25.Qa3 Ka7 26.a5 b5 27.e4 Rg8 28.Qxd6 Ne8 29.Qb6+ Qxb6
30.axb6+ Kxb6 31.Nxh5 Nf6 32.Nxf6 Bxf6 33.e5 Bg5 34.fxe6 fxe6 35.d5 exd5
36.Rxd5 Be7 37.Rd7 Bc5+ 38.Nd4 Rcd8 39.Rxd8 Rxd8 40.Re4 Re8 41.Kf1 Bxd4 42.cxd4 Kc6
43.Ke2 Kd5 44.Ke3 a5 45.Rf4 Rg8 46.Rf6 c3 47.bxc3  1-0

[Event "European Rapid Championship"]
[Site "Warsaw POL"]
[Date "2010.12.19"]
[Round "12"]
[White "Pankov,Ger"]
[Black "Riazantsev,A"]
[Result "0-1"]
[WhiteElo "2368"]
[BlackElo "2689"]

1.d4 Nf6 2.Bg5 e6 3.Nd2 h6 4.Bh4 d6 5.e4 g5 6.Bg3 Bg7 7.Bd3 Nc6 8.c3 Qe7
9.h4 g4 10.e5 dxe5 11.dxe5 Nd7 12.Qxg4 Bxe5 13.Ngf3 Nf6 14.Qh3 Bxg3 15.Qxg3 Rg8
16.Qh2 e5 17.O-O-O Ng4 18.Qg1 Bd7 19.Qe1 O-O-O 20.h5 f5 21.Nh4 e4 22.Bc4 Rge8
23.Nb3 e3 24.Ng6 Qf6 25.Nc5 Nxf2 26.Rxd7 Rxd7 27.Nxd7 Kxd7 28.Rh4 Kc8 29.Rf4 Ne5
30.Nxe5 Qxe5 31.Rd4 f4 32.Qe2 Rd8 33.Rxd8+ Kxd8 34.Qf3 c6 35.g3 fxg3  0-1

[Event "19th Donau Open"]
[Site "Aschach AUT"]
[Date "2010.12.26"]
[Round "1"]
[White "Bachmayer,J"]
[Black "Neuman,P"]
[Result "0-1"]
[WhiteElo "2097"]
[BlackElo "2476"]

1.d4 Nf6 2.Bg5 e6 3.Nc3 h6 4.Bh4 Bb4 5.a3 Bxc3+ 6.bxc3 b6 7.e3 Bb7 8.Nf3 d6
9.Be2 Nbd7 10.O-O Qe7 11.a4 a5 12.c4 g5 13.Bg3 Ne4 14.Nd2 Nc3 15.Qe1 Nxe2+
16.Qxe2 h5 17.f3 e5 18.c3 f5 19.Bf2 c5 20.Qd1 O-O-O 21.Rb1 g4 22.Kh1 h4 23.Bg1 h3
24.g3 gxf3 25.Nxf3 Be4 26.Rb2 Qf7 27.d5 Qh5 28.Rbf2 Rdg8 29.Qb3 Kb7 30.Qb5 Nb8  0-1

[Event "19th Donau Open"]
[Site "Aschach AUT"]
[Date "2010.12.27"]
[Round "2"]
[White "Sucher,J"]
[Black "Sergeev,Vl"]
[Result "0-1"]
[WhiteElo "2217"]
[BlackElo "2474"]

1.d4 Nf6 2.Bg5 e6 3.Nd2 h6 4.Bh4 c5 5.Ngf3 cxd4 6.Nxd4 Be7 7.e3 a6 8.Bd3 d6
9.Qf3 Nbd7 10.Bxf6 Nxf6 11.O-O-O Qc7 12.Qg3 Rg8 13.Ne4 Bd7 14.Nxf6+ Bxf6
15.Bh7 Rh8 16.Be4 Rc8 17.Nb3 Ke7 18.Rd2 Rhd8 19.Rhd1 Be8 20.Kb1 b5 21.Qf3 a5
22.Nd4 Qb6 23.Qg3 b4 24.f4 d5 25.Bd3 a4 26.Qf2 a3 27.g4 axb2 28.Kxb2 Qa7
29.a4 bxa3+ 30.Ka2 Rb8 31.c3 Rb2+ 32.Rxb2 axb2+ 33.Kxb2 Bxd4 34.exd4 Rb8+
35.Kc1 Qa3+ 36.Kd2 Rb2+  0-1

[Event "Rilton Cup 2010-11"]
[Site "Stockholm SWE"]
[Date "2010.12.27"]
[Round "1"]
[White "Eriksson,Jor"]
[Black "Shimanov,A"]
[Result "0-1"]
[WhiteElo "2202"]
[BlackElo "2516"]

1.d4 Nf6 2.Bg5 e6 3.Nd2 h6 4.Bh4 c5 5.e3 b6 6.Ngf3 Bb7 7.Bd3 Be7 8.O-O O-O
9.Qe2 Nc6 10.c3 d6 11.Rfd1 cxd4 12.exd4 Re8 13.Ba6 Bxa6 14.Qxa6 Nd5 15.Bxe7 Qxe7
16.Re1 Qd7 17.Nf1 Rab8 18.Qd3 b5 19.g3 Nf6 20.Ne3 Qb7 21.Nd2 Rbd8 22.Ne4 Nxe4
23.Qxe4 d5 24.Qg4 b4 25.Rac1 bxc3 26.Rxc3 h5 27.Qh4 e5 28.Rb3 Qd7 29.Nc2 Qf5
30.Rc3 Nxd4 31.Nxd4 exd4 32.Rxe8+ Rxe8 33.Qxd4 Qb1+ 34.Kg2 Qxb2 35.Rd3 Qxa2
36.Qxd5 Qxd5+ 37.Rxd5 Ra8 38.Rxh5 a5 39.Re5 a4 40.Re2 a3 41.Ra2 Kh7 42.h4 Kg6
43.g4 Kf6 44.f4 Ra4 45.Kf3 g6 46.Kg3 Ke6 47.Kf3 f5 48.g5 Kd5 49.Kg3 Kc4 50.h5 gxh5
51.g6 Kb3 52.Rxa3+ Kxa3 53.g7 Ra8 54.Kh4 Rg8  0-1

[Event "Australian Open"]
[Site "Cammeray AUS"]
[Date "2011.01.02"]
[Round "1.26"]
[White "Brockman,R"]
[Black "Chen,Pengyu"]
[Result "0-1"]
[WhiteElo "1727"]
[BlackElo "1977"]

1.d4 Nf6 2.Bg5 e6 3.e4 h6 4.Bxf6 Qxf6 5.c3 d5 6.Nd2 c5 7.e5 Qd8 8.Ngf3 Nc6
9.dxc5 Qc7 10.b4 Nxe5 11.Bb5+ Bd7 12.Bxd7+ Nxd7 13.O-O Be7 14.Rc1 O-O 15.Re1 b6
16.c4 dxc4 17.Nxc4 bxc5 18.bxc5 Nxc5 19.Nce5 Rac8 20.Qe2 Bd6 21.Nd3 Qe7 22.Nxc5 Rxc5
23.Rxc5 Bxc5 24.h3 Bb6 25.Rd1 Rd8 26.Rxd8+ Qxd8 27.g3 Qd5 28.Nd2 Qxa2 29.Qd3 Qd5
30.Qe2 Bc5 31.Nf3 a5 32.Ne1 a4 33.Nd3 Bd6 34.Qc2 Qb3 35.Qc8+ Kh7 36.Nc5 Qd1+
37.Kh2 Qc2  0-1

[Event "Hastings Masters 2010-11"]
[Site "Hastings ENG"]
[Date "2011.01.03"]
[Round "7.36"]
[White "Barton,A"]
[Black "Gibson,Ch"]
[Result "1/2-1/2"]
[WhiteElo "2103"]
[BlackElo "1984"]

1.d4 Nf6 2.Bg5 e6 3.e4 h6 4.Bxf6 Qxf6 5.Nf3 d5 6.e5 Qd8 7.Bd3 c5 8.c3 Nc6
9.dxc5 Bxc5 10.O-O Bd7 11.Nbd2 Qc7 12.Qe2 O-O 13.Rad1 f5 14.Nb3 Bb6 15.Rfe1 g5
16.Nfd4 a6 17.h3 Qd8 18.Bb1 Qe7 19.a3 Qg7 20.Kh2 f4 21.g4 f3 22.Qc2 Nxe5
23.Kg1 Bc7 24.Nc5 Rae8 25.Re3 Rf6 26.Rde1 Rf7 27.Nxd7 Rxd7 28.Nxf3 Nxf3+
29.Rxf3 Bf4 30.Qg6 Qxg6 31.Bxg6 Ree7 32.Rd1 Kg7 33.Bc2 Rc7 34.h4 Kf6 35.Kg2 Ke5
36.Bb3 b5 37.h5 Kf6 38.Rfd3 Be5 39.Re1 Rcd7 40.a4 Rb7 41.Re2 Bf4 42.Rd1 Rbc7
43.Bc2 Bd6 44.axb5 axb5 45.Bd3 b4 46.Rc2 bxc3 47.Rxc3 Rxc3 48.bxc3 Rc7 49.Rc1 Be5  1/2-1/2

[Event "Berkeley Int Open"]
[Site "Berkeley USA"]
[Date "2011.01.04"]
[Round "5"]
[White "Almeida Saenz,A"]
[Black "Haessel,D"]
[Result "1/2-1/2"]
[WhiteElo "2356"]
[BlackElo "2198"]

1.d4 Nf6 2.Bg5 e6 3.Nf3 h6 4.Bxf6 Qxf6 5.e4 d6 6.Nc3 Nd7 7.Bd3 g6 8.Qe2 Bg7
9.O-O-O a6 10.Rhe1 b5 11.e5 dxe5 12.Be4 Rb8 13.Nxe5 O-O 14.Bc6 Nxe5 15.dxe5 Qg5+
16.Kb1 Rb6 17.Qe4 Qxe5 18.Qxe5 Bxe5 19.Rxe5 Rxc6 20.a4 bxa4 21.Nxa4 Rd6 22.Nc3 Bb7
23.f3 Rfd8 24.Kc1 Kf8 25.Rc5 R8d7 26.Rc4 Ke7 27.Rb4 Bc6 28.b3 h5 29.Rb8 e5
30.Re1 Kf6 31.Re2 Re7 32.Rb4 Red7 33.Rc4 Bb5 34.Nxb5 axb5 35.Rce4 Rd5 36.h3 Rc5
37.Kb2 Rd4 38.Rxd4 exd4 39.Re4 Rd5 40.Kc1 c5 41.Re8 Re5 42.Rc8 h4 43.Kd1 Rg5
44.Rh8 Rxg2 45.Rxh4 Ke6 46.Re4+ Kd5 47.Re7 f5 48.h4 Rh2 49.Rh7 c4 50.bxc4+ bxc4
51.Rh6 Rh1+ 52.Ke2 Rh2+ 53.Kd1 Rg2 54.h5 g5 55.Rh8 Ke5 56.Re8+ Kf4 57.Re2 Rg3
58.Rh2 Rg1+ 59.Kd2 Ra1 60.h6 d3 61.Rh5 Ra8 62.cxd3 cxd3 63.h7 Rh8 64.Kxd3 g4
65.fxg4 fxg4 66.Ke2 Kg3 67.Kf1 Rf8+  1/2-1/2

[Event "Grokhotova Memorial"]
[Site "Kremenchug UKR"]
[Date "2011.01.04"]
[Round "4"]
[White "Rakhmangulov,A"]
[Black "Solovchuk,A"]
[Result "1-0"]
[WhiteElo "2395"]
[BlackElo "2308"]

1.d4 Nf6 2.Bg5 e6 3.Nd2 c5 4.e3 cxd4 5.exd4 Be7 6.c3 O-O 7.Ngf3 d6 8.Bc4 Nbd7
9.O-O Re8 10.Re1 Nf8 11.a4 h6 12.Bxf6 Bxf6 13.a5 a6 14.Bd3 Bd7 15.Nc4 Bc6
16.Nb6 Rb8 17.d5 exd5 18.Rxe8 Qxe8 19.Bc2 Qe6 20.Bb3 Ng6 21.Bxd5 Bxd5 22.Nxd5 Bd8
23.g3 Rc8 24.Qd3 Rc5 25.c4 Ne5 26.Nxe5 Qxe5 27.Rb1 Rxa5 28.Kf1 Qe6 29.Re1 Qh3+
30.Kg1 Qd7 31.b4 Ra2 32.Qb3 Rd2 33.Qe3 Bg5 34.f4 Rxd5 35.Qe8+ Qxe8 36.Rxe8+ Kh7
37.cxd5 Bf6 38.Rc8 Kg6 39.Kg2 Bd4 40.Rc7 b6 41.Rc4 Be3 42.Rc6 Kf6 43.Kf3 Bg1
44.Rxd6+ Ke7 45.Rc6 Kd7 46.Rc1 Bd4 47.Ke4  1-0

[Event "Australian Open"]
[Site "Cammeray AUS"]
[Date "2011.01.09"]
[Round "7.27"]
[White "Brockman,R"]
[Black "Jablon,S"]
[Result "0-1"]
[WhiteElo "1727"]
[BlackElo "1985"]

1.d4 Nf6 2.Bg5 e6 3.e4 h6 4.Bxf6 Qxf6 5.c3 b6 6.Bd3 Qg5 7.Nf3 Qxg2 8.Rg1 Qh3
9.Nbd2 Nc6 10.Qe2 Qh5 11.O-O-O Qa5 12.Kb1 b5 13.d5 Ne7 14.dxe6 fxe6 15.e5 Nd5
16.Nb3 Qb6 17.Bxb5 a5 18.c4 Nb4 19.Nfd4 a4 20.Qh5+ Ke7 21.c5 Qb7 22.c6 Qb6
23.cxd7 Bxd7 24.Bxd7 axb3 25.a3 Rd8 26.Bxe6 Rxd4 27.Qf7+ Kd8 28.axb4 Qxb4
29.Rxd4+ Qxd4 30.Qh5 Qd3+ 31.Ka1 Qa6+ 32.Kb1 Qa2+ 33.Kc1 Qa1+ 34.Kd2 Qxg1
35.Qf3 Bb4+ 36.Kd3 Qg6+ 37.Bf5 Qa6+ 38.Ke3 Bc5+ 39.Kf4 Qc4+ 40.Kg3 Qd4 41.Qa8+ Ke7
42.Qxh8 Qxf2+ 43.Kg4 Qg2+ 44.Kf4 g5+  0-1

[Event "9th Parsvnath Open"]
[Site "New Delhi IND"]
[Date "2011.01.10"]
[Round "4.32"]
[White "Hoareau,B"]
[Black "Kuzubov,Y"]
[Result "0-1"]
[WhiteElo "2010"]
[BlackElo "2624"]

1.d4 Nf6 2.Bg5 e6 3.e4 h6 4.Bxf6 Qxf6 5.a3 c5 6.e5 Qd8 7.d5 Qb6 8.b3 exd5
9.Qxd5 d6 10.Nc3 Be6 11.Bb5+ Nc6 12.Qd3 O-O-O 13.Nf3 dxe5 14.Qe3 Nd4 15.Bd3 Qa5
16.b4 cxb4 17.O-O bxc3 18.Rfb1 Nxf3+ 19.Qxf3 Bd5 20.Qf5+ Kb8 21.Rb5 Qc7  0-1

[Event "9th Parsvnath Open"]
[Site "New Delhi IND"]
[Date "2011.01.14"]
[Round "9"]
[White "Chernyshov,K"]
[Black "Shyam,N"]
[Result "1/2-1/2"]
[WhiteElo "2597"]
[BlackElo "2381"]

1.d4 Nf6 2.Bg5 e6 3.e4 h6 4.Bxf6 Qxf6 5.Nf3 d6 6.Nc3 Nd7 7.Qd2 a6 8.O-O-O Qd8
9.h4 b5 10.Bd3 Bb7 11.g4 c5 12.dxc5 Nxc5 13.Qe3 Qa5 14.Kb1 b4 15.Ne2 Na4
16.Ned4 Qb6 17.Qe1 Nc5 18.g5 hxg5 19.Nxg5 Be7 20.f4 Bf6 21.Ndf3 Na4 22.Qg1 Qxg1
23.Rdxg1 Nxb2 24.Rh3 Na4 25.e5 dxe5 26.fxe5 Nc3+ 27.Kb2 Bxg5 28.Nxg5 Bd5
29.h5 Na4+ 30.Kb1 Nc5 31.Rh4 Nxd3 32.cxd3 b3 33.axb3 Rb8 34.Nh3 Rh7 35.Nf4 Rxb3+
36.Kc2 Rb5 37.Rhg4 Kf8 38.Kd2 Bb7 39.Rg5 a5 40.Ra1 Kg8 41.d4 f6 42.Rg3 fxe5
43.Nxe6 Bc8 44.Nc7 Rb2+ 45.Kc3 Rb7 46.Nd5 exd4+ 47.Kxd4 Rd7 48.Rg5 Bb7 49.Rxa5 Rh6
50.Ke3 Rxd5  1/2-1/2

[Event "I Antonio Rocha Mem"]
[Site "Campinas BRA"]
[Date "2011.01.15"]
[Round "3.5"]
[White "Stamenkovic,Dr"]
[Black "Flores,Di"]
[Result "0-1"]
[WhiteElo "2370"]
[BlackElo "2628"]

1.d4 Nf6 2.Bg5 e6 3.Nf3 h6 4.Bh4 d6 5.Nbd2 g5 6.Bg3 Nh5 7.e4 Bg7 8.c3 Qe7
9.h3 Nxg3 10.fxg3 O-O 11.Bd3 c5 12.dxc5 Qc7 13.cxd6 Qxd6 14.Nf1 Rd8 15.Bc4 Qc7
16.Bd3 Nd7 17.Qc2 Nc5 18.O-O-O Bd7 19.Nd4 Ba4 20.b3 Rac8 21.Bc4 Be8 22.Kb1 Na4
23.Ne3 Qb6 24.Rhe1 Nxc3+ 25.Qxc3 Bxd4 26.Qc1 Bg7 27.Ng4 h5 28.Ne3 Qa5 29.Rxd8 Qxd8
30.Nc2 Rxc4  0-1

[Event "I Antonio Rocha Mem"]
[Site "Campinas BRA"]
[Date "2011.01.17"]
[Round "5.4"]
[White "Stamenkovic,Dr"]
[Black "Di Berardino,D"]
[Result "1-0"]
[WhiteElo "2370"]
[BlackElo "2490"]

1.d4 Nf6 2.Bg5 e6 3.Nf3 c5 4.e3 d5 5.Nbd2 Nbd7 6.c3 Be7 7.Bd3 b6 8.Qe2 Bb7
9.O-O O-O 10.Ne5 Nxe5 11.dxe5 Nd7 12.Bf4 f5 13.exf6 Bxf6 14.Bg3 e5 15.e4 d4
16.Bc4+ Kh8 17.Bd5 Rb8 18.c4 Qe7 19.Nf3 Bc8 20.a4 a6 21.Ne1 Bh4 22.Bxh4 Qxh4
23.Nd3 Qg5 24.Be6 Nf6 25.Bxc8 Rbxc8 26.g3 Nd7 27.Kh1 Rce8 28.Rae1 Qg6 29.f4 exf4
30.gxf4 Qc6 31.b3 Re7 32.Qg2 b5 33.e5 Qb6 34.axb5 axb5 35.Qd5 bxc4 36.bxc4 g6
37.e6 Nf6 38.Qxc5 Qb7+ 39.Kg1 Kg8 40.Rb1 Qc7 41.Qxc7 Rxc7 42.Rb4 Ne4 43.Re1 Nd6
44.c5 Nf5 45.Rb6 Re8 46.Re5 Kf8 47.Nb4 Ne7 48.Kf2 Rec8 49.Na6 Ra7 50.Kf3 d3
51.Rd6 Nc6 52.Rxc6 Rxc6 53.Nb4 d2 54.Ke2 Rc8 55.Kxd2 Ra5 56.e7+ Kf7 57.Kd3 Ra7
58.Nd5 Re8 59.c6 Ra2 60.c7 Ra6 61.Kc4 Rc6+ 62.Kb5 Rc2 63.h3 h6 64.h4 Rc1
65.Kb6 Rc4 66.Kb7 Rc5 67.Kb6 Rc4 68.Re3 Rc2 69.Nc3 Kf6 70.Ne4+ Kxe7 71.Nf6+  1-0

[Event "3rd Chennai Open"]
[Site "Chennai IND"]
[Date "2011.01.19"]
[Round "2"]
[White "Chernyshov,K"]
[Black "Narayanan,Sri"]
[Result "1-0"]
[WhiteElo "2597"]
[BlackElo "2314"]

1.d4 Nf6 2.Bg5 e6 3.e4 h6 4.Bxf6 Qxf6 5.Nf3 d6 6.Nc3 g5 7.h3 Bg7 8.Qd2 a6
9.Ne2 Nc6 10.c3 Qe7 11.O-O-O Bd7 12.Ng3 Rg8 13.Bd3 O-O-O 14.Rhe1 Bh8 15.Nh5 f5
16.exf5 Qf7 17.Ng3 exf5 18.b3 g4 19.Nh4 Bf6 20.Nhxf5 Bg5 21.Ne3 Rgf8 22.hxg4 Qxf2
23.Ngf5 Qxd2+ 24.Rxd2 Rde8 25.Kd1 Kd8 26.Rde2 b5 27.b4 Bc8 28.Kc2 Bb7 29.Ng7 Re7
30.Nef5 Rxe2+ 31.Rxe2 Bc8 32.Be4 Ne7 33.Nxe7 Bxe7 34.Bf5 Rg8 35.Bxc8 Rxg7
36.Bxa6 Rg5 37.Bb7 Rxg4 38.Bc6 Rg5 39.Re6 h5 40.Kb3 h4 41.Rh6 Rg8 42.Bxb5 c5
43.bxc5 dxc5 44.d5 Kc7 45.Rc6+ Kb8 46.d6 Bd8 47.Ba6 Ka7 48.Bc4 Rg6 49.Bd5 Rh6
50.Kc4 h3 51.gxh3 Rxh3 52.Kb5 Kb8 53.Ra6  1-0

[Event "3rd Chennai Open"]
[Site "Chennai IND"]
[Date "2011.01.20"]
[Round "4"]
[White "Adhiban,B"]
[Black "Kaushik,S"]
[Result "1-0"]
[WhiteElo "2530"]
[BlackElo "2154"]

1.d4 Nf6 2.Bg5 e6 3.Nd2 b6 4.e4 h6 5.Bh4 g5 6.Bg3 d6 7.h4 Bg7 8.hxg5 hxg5
9.Rxh8+ Bxh8 10.e5 dxe5 11.dxe5 Nd5 12.Qh5 Bg7 13.Ngf3 Nc6 14.O-O-O Qe7 15.Ne4 Bd7
16.c4 Nf4 17.Qh7 Qf8 18.Nexg5 Ng6 19.Bd3 Ncxe5 20.Nxe5 Nxe5 21.Bxe5 Bxe5
22.Qe4 Rd8 23.Qxe5 f6 24.Bg6+ Ke7 25.Rxd7+ Rxd7 26.Qxe6+ Kd8 27.Bf5  1-0

[Event "71st ch-ARM"]
[Site "Yerevan ARM"]
[Date "2011.01.20"]
[Round "3"]
[White "Anastasian,A"]
[Black "Petrosian,DG"]
[Result "1/2-1/2"]
[WhiteElo "2578"]
[BlackElo "2485"]

1.d4 Nf6 2.Bg5 e6 3.e3 c5 4.c3 Qb6 5.Qb3 d5 6.Nd2 Nc6 7.Ngf3 h6 8.Bh4 Qxb3
9.axb3 g5 10.Bg3 Nh5 11.Bb5 Nxg3 12.hxg3 f6 13.dxc5 Bxc5 14.e4 Bd7 15.exd5 exd5
16.b4 Bb6 17.Nb3 Ne5 18.Bxd7+ Kxd7 19.Rd1 Rae8 20.O-O Nxf3+ 21.gxf3 Kc6 22.Rd2 h5
23.Rfd1 h4 24.g4 Re5 25.Nd4+ Bxd4 26.Rxd4 f5 27.b5+ Kc5 28.b4+ Kxb5 29.Rxd5+ Rxd5
30.Rxd5+ Kc4 31.Rxf5 Kxc3 32.b5 Rg8 33.Kg2 a5 34.bxa6 bxa6 35.Kh3 Kb3 36.f4 gxf4
37.Kxh4 Ra8 38.g5 a5 39.g6 a4 40.Kg5 a3 41.g7 a2 42.Rf8 Ra5+ 43.Kxf4 a1=Q
44.g8=Q+ Ka3 45.Qg3+ Ka2 46.Qg8+ Ka3 47.Qc4 Qe5+ 48.Kf3 Qh5+ 49.Ke3 Qe5+
50.Kf3 Qh5+ 51.Ke3 Qe5+ 52.Kf3 Qh5+ 53.Ke4  1/2-1/2

[Event "I Antonio Rocha Mem"]
[Site "Campinas BRA"]
[Date "2011.01.21"]
[Round "9.2"]
[White "Stamenkovic,Dr"]
[Black "Zambrana,O"]
[Result "1-0"]
[WhiteElo "2370"]
[BlackElo "2513"]

1.d4 Nf6 2.Bg5 e6 3.Nf3 h6 4.Bxf6 Qxf6 5.e4 g5 6.Nc3 d6 7.Qd2 Bg7 8.h3 Nc6
9.Bb5 Bd7 10.O-O-O O-O-O 11.Kb1 a6 12.Ba4 Rhe8 13.Rhe1 Bh8 14.Qe3 Kb8 15.a3 Qg7
16.e5 f5 17.exf6 Qxf6 18.Ne4 Qf5 19.Qd2 Rf8 20.Re2 g4 21.hxg4 Qxg4 22.Ng3 Rde8
23.Qxh6 b5 24.Bb3 d5 25.c3 Qf4 26.Qxf4 Rxf4 27.Ne1 Rg4 28.Nd3 Bc8 29.Bxd5 Nxd4
30.cxd4 Rxd4 31.Be4 Red8 32.Rh1 Bf6 33.Nb4  1-0

[Event "3rd Chennai Open"]
[Site "Chennai IND"]
[Date "2011.01.21"]
[Round "5"]
[White "Chernyshov,K"]
[Black "Mishra,So"]
[Result "1-0"]
[WhiteElo "2597"]
[BlackElo "2204"]

1.d4 Nf6 2.Bg5 e6 3.e4 h6 4.Bxf6 Qxf6 5.Nf3 d6 6.Nc3 Nd7 7.Qd2 c6 8.O-O-O Be7
9.e5 dxe5 10.dxe5 Nxe5 11.Ne4 Qf5 12.Nd6+ Bxd6 13.Qxd6 Nd7 14.Bd3 Qc5 15.Qf4 O-O
16.Rde1 a5 17.h4 a4 18.a3 Qxf2 19.Rhf1 Qa7 20.g4 Qb8 21.Qe3 Nf6 22.Ne5 Ra5
23.Nc4 Nd5 24.Qf3 Rc5 25.g5 hxg5 26.hxg5 Qf4+ 27.Qxf4 Nxf4 28.Rxf4 Rxg5 29.Rh4 g6
30.Nd6 Rd8 31.Rh8+  1-0

[Event "TCh-CZE 2010-11"]
[Site "Czech Rep CZE"]
[Date "2011.01.22"]
[Round "6.6"]
[White "Pisk,P"]
[Black "Michenka,J"]
[Result "1-0"]
[WhiteElo "2313"]
[BlackElo "2372"]

1.d4 Nf6 2.Bg5 e6 3.e4 h6 4.Bxf6 Qxf6 5.c3 d6 6.Bd3 e5 7.Ne2 g5 8.O-O Nc6
9.Bb5 exd4 10.Qa4 Bd7 11.Nxd4 Ne5 12.Bxd7+ Nxd7 13.Nd2 c6 14.Rfe1 Nc5 15.Qc4 Be7
16.Re3 O-O 17.Nf5 Rfe8 18.Rf3 g4 19.e5 Qg5 20.Qxg4 Kh7 21.Qxg5 Bxg5 22.Nb3 Rxe5
23.Nxd6 f6 24.g3 Nxb3 25.axb3 Rd5 26.Nxb7 f5 27.Na5 Rc8 28.Nc4 Rc7 29.h4 Be7
30.Ne3 Rb5 31.b4 Kg6 32.Ra6 Bf6 33.Rf4 Bd8 34.Rc4 Rb6 35.Ra5 Rf7 36.Rd4 Rb8
37.Rd6+ Rf6 38.Rxf6+ Bxf6 39.Rxf5 Re8 40.Ra5  1-0

[Event "TCh-BEL 2010-11"]
[Site "Liege BEL"]
[Date "2011.01.23"]
[Round "7.3"]
[White "Marville,G"]
[Black "Coenen,N"]
[Result "1/2-1/2"]
[WhiteElo "2103"]
[BlackElo "2353"]

1.d4 Nf6 2.Bg5 e6 3.e4 h6 4.Bxf6 Qxf6 5.c3 d6 6.Nf3 Nd7 7.Nbd2 e5 8.Nc4 Be7
9.Qd3 O-O 10.g3 Re8 11.Bg2 exd4 12.Qxd4 Nc5 13.O-O Qxd4 14.Nxd4 Bf6 15.Rfe1 Bd7
16.Rad1 a5 17.Ne3 a4 18.Nd5 Bd8 19.f4 c6 20.Nb4 Bb6 21.Kh1 Rad8 22.Nd3 Bg4
23.Rd2 Re7 24.Nf2 Bc8 25.Red1 Rde8 26.h3 g6 27.Kh2 Kg7 28.f5 h5 29.g4 hxg4
30.hxg4 g5 31.Ne2 Nd7 32.Nh3 f6 33.Nd4 Nc5 34.Nf2 Bc7 35.Kg1 Rh8 36.b4 axb3
37.axb3 Bb6 38.Kf1 Bd7 39.b4 Na4 40.Rc2 Bc7 41.Ra1 c5 42.Ne2 cxb4 43.cxb4 Bb5
44.Bf3 Bb6 45.Kg2 Rhe8 46.Rd1 Bxe2  1/2-1/2

[Event "Moscow Open E"]
[Site "Moscow RUS"]
[Date "2011.01.29"]
[Round "1"]
[White "Chernyshov,K"]
[Black "Goroshilov,V"]
[Result "1-0"]
[WhiteElo "2597"]
[BlackElo "2062"]

1.d4 Nf6 2.Bg5 e6 3.e4 h6 4.Bxf6 Qxf6 5.Nf3 d6 6.Nc3 Nd7 7.Qd2 a6 8.h4 b5
9.a4 b4 10.Ne2 Bb7 11.Ng3 a5 12.Bd3 Qd8 13.c3 bxc3 14.bxc3 Be7 15.Nh5 g6
16.Ng3 Ba6 17.Bb5 Bxb5 18.axb5 Qb8 19.Rb1 a4 20.O-O h5 21.c4 Qd8 22.Qf4 Nf6
23.e5 Ng4 24.Ng5 Nh6 25.Rfd1 Nf5 26.Nxf5 gxf5 27.exd6 cxd6 28.d5 Bxg5 29.hxg5 e5
30.Qxf5 Rg8 31.g6 Rxg6 32.Qxh5 Qf6 33.b6 Rg5 34.b7 Rb8 35.Qh3 Kd8 36.Rb6 Qg6
37.c5 Rh5 38.Rxd6+ Qxd6 39.Qxh5 Qxc5 40.Qxf7 Qe7 41.Qg8+ Qe8 42.Qg7 Qe7 43.Qh8+ Qe8
44.Qh4+ Kc7 45.d6+ Kxb7 46.d7 Qd8  1-0

[Event "Frauenbundesliga 1st Div 2010-11"]
[Site "Germany GER"]
[Date "2011.01.30"]
[Round "7.1"]
[White "Vogel,H"]
[Black "Ohme,M"]
[Result "1/2-1/2"]
[WhiteElo "2131"]
[BlackElo "2304"]

1.d4 Nf6 2.Bg5 e6 3.Nd2 h6 4.Bh4 c5 5.e3 cxd4 6.exd4 Be7 7.Bd3 b6 8.Ngf3 Bb7
9.O-O d6 10.Re1 Nbd7 11.c4 O-O 12.Rc1 Re8 13.h3 Rc8 14.Bb1 Nf8 15.Qe2 Rc7
16.Nh2 d5 17.Bg3 Bd6 18.Be5 Qe7 19.Rc3 Rec8 20.b3 dxc4 21.bxc4 b5 22.Ng4 Nxg4
23.Qxg4 Bxe5 24.dxe5 Qg5 25.Qxg5 hxg5 26.Rb3 bxc4 27.Nxc4 Bd5 28.Nd6 Rc1
29.Re3 R8c6 30.Nb5 a6 31.Nd4 R6c4 32.Nb3 Rxe1+ 33.Rxe1 Nd7 34.Bd3 Ra4 35.Rc1 g6
36.Rc2 Ra3 37.Re2 a5 38.Bb5 Nb6 39.Rb2 Kg7 40.f3 a4 41.Nc5 Bxa2 42.Rb4 Rc3
43.Nxa4 Rc1+ 44.Kf2 Nd5 45.Rb2 Bc4 46.Bxc4 Rxc4 47.Ra2 Nb4 48.Rd2 Nc6 49.Nb6 Rb4
50.Nd7 Rb5 51.h4 gxh4 52.f4 Ne7 53.Nf6 Nd5 54.Nxd5 exd5 55.Kf3 f6 56.exf6+ Kxf6
57.Kg4 Ra5 58.Kxh4 Kf5 59.Rd4 Rc5 60.g4+ Kf6 61.Ra4 Rc6 62.Rd4 Rd6 63.Kg3 g5
64.Kf3 Rd8 65.Ra4 gxf4 66.Kxf4 Rd6  1/2-1/2

[Event "Oceania Zonal"]
[Site "Rotorua NZL"]
[Date "2011.01.30"]
[Round "8.23"]
[White "Goundar,S"]
[Black "Deen Cowell,N"]
[Result "1-0"]
[WhiteElo "1904"]
[BlackElo "1917"]

1.d4 Nf6 2.Bg5 e6 3.e4 h6 4.Bxf6 Qxf6 5.c3 d6 6.Bd3 Nd7 7.Ne2 g6 8.O-O Bg7
9.Nd2 c5 10.f4 O-O 11.e5 Qe7 12.Ne4 dxe5 13.fxe5 cxd4 14.cxd4 Nb6 15.Nf6+ Bxf6
16.exf6 Qb4 17.Qc1 Kh7 18.Rf4 Nd5 19.Rh4 h5 20.Rxh5+ Kg8 21.Qh6 Nxf6 22.Qh8+  1-0

[Event "Moscow Open F Women"]
[Site "Moscow RUS"]
[Date "2011.01.31"]
[Round "3"]
[White "Suslova,A"]
[Black "Bodnaruk,A"]
[Result "1-0"]
[WhiteElo "2180"]
[BlackElo "2425"]

1.d4 Nf6 2.Bg5 e6 3.Nf3 h6 4.Bh4 d6 5.e3 g5 6.Bg3 Nh5 7.Be2 Bg7 8.Nfd2 Nxg3
9.hxg3 Qe7 10.c3 Nd7 11.Qc2 d5 12.c4 c6 13.Nc3 O-O 14.cxd5 exd5 15.O-O-O f5
16.Bd3 Nb6 17.Nf3 Bd7 18.Ne5 Bxe5 19.dxe5 Kg7 20.f4 c5 21.Be2 Be6 22.Nb5 d4
23.exd4 Nd5 24.Qd2 c4 25.Kb1 Rac8 26.Rc1 Rc6 27.Bxc4 Nxf4 28.Bxe6 Nxe6 29.d5 Rxc1+
30.Rxc1 Nc5 31.Qd4 b6 32.b4 Na6 33.d6 Qe6 34.Nc7 Nxc7 35.Rxc7+ Kg6 36.Re7 Qc8
37.e6 Kh5 38.Rg7 Qxe6 39.Qd1+  1-0

[Event "Moscow Open E"]
[Site "Moscow RUS"]
[Date "2011.02.02"]
[Round "5"]
[White "Chernyshov,K"]
[Black "Kovalenko,I"]
[Result "0-1"]
[WhiteElo "2597"]
[BlackElo "2515"]

1.d4 Nf6 2.Bg5 e6 3.e4 h6 4.Bxf6 Qxf6 5.Nf3 d5 6.Nbd2 Qd8 7.Bd3 Be7 8.O-O O-O
9.Re1 c5 10.exd5 exd5 11.dxc5 Bxc5 12.Nb3 Bb6 13.c3 Nc6 14.Bc2 Bg4 15.Qd3 g6
16.Nfd4 Qg5 17.Qg3 Rae8 18.f4 Qh5 19.h3 Be2 20.Kh2 Re7 21.Rad1 g5 22.Rd2 Bc4
23.Rxe7 Nxe7 24.f5 Rc8 25.Bd1 Qh4 26.Qxh4 gxh4 27.g4 hxg3+ 28.Kxg3 Kg7 29.Bc2 Kf6
30.Nc1 Bf1 31.h4 Rg8+ 32.Kf3 Bh3 33.Ncb3 Rg1 34.a4 a5 35.Bd3 Nc6 36.Rh2 Bg4+
37.Kf2 Rd1 38.Rg2 Nxd4 39.Nxd4 Bxd4+ 40.cxd4 Bxf5 41.Bb5 Rd2+ 42.Kg1 Rxd4
43.Rf2 Ke5 44.Be8 Rxh4 45.Bxf7 Be4  0-1

[Event "TCh-CAT Div Hon"]
[Site "Barcelona ESP"]
[Date "2011.02.05"]
[Round "2"]
[White "Mellado Trivino,J"]
[Black "Vehi Bach,V"]
[Result "1/2-1/2"]
[WhiteElo "2422"]
[BlackElo "2408"]

1.d4 Nf6 2.Bg5 e6 3.e4 h6 4.Bxf6 Qxf6 5.Nc3 d6 6.Qd2 g5 7.O-O-O a6 8.g3 Nd7
9.f4 Bg7 10.e5 Qe7 11.Nf3 Nb6 12.Bd3 Bd7 13.Ne4 Bc6 14.Kb1 gxf4 15.gxf4 O-O-O
16.Rde1 Kb8 17.Rhf1  1/2-1/2

[Event "TCh-SWE Elitserien 2010-11"]
[Site "Sweden SWE"]
[Date "2011.02.05"]
[Round "7"]
[White "Krantz,C"]
[Black "Eksmyr,J"]
[Result "1-0"]
[WhiteElo "2190"]
[BlackElo "2179"]

1.d4 Nf6 2.Bg5 e6 3.e3 h6 4.Bh4 b6 5.Nd2 Bb7 6.c3 d6 7.Ngf3 Be7 8.Bxf6 gxf6
9.Bd3 f5 10.Qe2 Nd7 11.a4 a5 12.O-O h5 13.e4 fxe4 14.Bxe4 d5 15.Bd3 Bd6 16.Ne5 Nxe5
17.dxe5 Bc5 18.Nf3 Qe7 19.Rfc1 h4 20.Rab1 c6 21.Qd2 Qd7 22.b4 axb4 23.cxb4 Bf8
24.Qd1 Bh6 25.Rc3 Bf4 26.g3 hxg3 27.hxg3 Bh6 28.Nd4 Ke7 29.Qc2 Rhc8 30.f4 Rg8
31.Kf2 Rac8 32.a5 bxa5 33.bxa5 Rh8 34.Rcb3 Ba8 35.Qc5+ Ke8 36.Rb8 Bf8 37.Rxc8+ Qxc8
38.Qa7 Rh2+ 39.Kg1  1-0

[Event "75th ch-BUL Semi-Final"]
[Site "Plovdiv BUL"]
[Date "2011.02.10"]
[Round "5"]
[White "Kukov,V"]
[Black "Pantev,V"]
[Result "0-1"]
[WhiteElo "2378"]
[BlackElo "2387"]

1.d4 Nf6 2.Bg5 e6 3.e4 h6 4.Bxf6 Qxf6 5.c3 d6 6.Bd3 a6 7.Ne2 Nc6 8.O-O e5
9.f4 exd4 10.cxd4 Nxd4 11.Qa4+ Nc6 12.Nbc3 Qd8 13.Nd5 Be7 14.Nec3 O-O 15.f5 Bg5
16.f6 Ne5 17.fxg7 Kxg7 18.Be2 c6 19.Nf4 Qb6+ 20.Kh1 Be6 21.Qc2 Qc5 22.Rad1 b5
23.Qd2 Rad8 24.h4 Bxh4 25.Nxe6+ fxe6 26.Rxf8 Rxf8 27.Qxd6 Qxd6 28.Rxd6 Kf7
29.Rd1 Ke7 30.Kg1 Bf2+ 31.Kh2 Rd8 32.Rxd8 Kxd8 33.Kh3 Ke7 34.Nb1 Be1 35.Na3 Kd6
36.Nc2 Bf2 37.Nb4 Bd4 38.b3 a5 39.Nc2 Bb2 40.Kg3 Bc1 41.Kh4 Nf7 42.Nd4 Be3
43.Nc2 Bg5+ 44.Kg4 Ke5 45.a4 bxa4 46.bxa4 Kxe4 47.Na1 Ne5+ 48.Kh5 c5 49.Nb3 c4
50.Nxa5 c3 51.Bd1 Kd3 52.Nb3 Nc6 53.a5 c2 54.Bxc2+ Kxc2 55.Nc5 e5 56.Kg4 Nxa5
57.Kf5 Nc6 58.g3 Kd2 59.Ke4 Ke2 60.Kd5 Kf3 61.Kxc6 Kxg3 62.Kd5 Bf4 63.Ne4+ Kg4
64.Nf6+ Kf5 65.Nh5 Kg6 66.Nxf4+ exf4 67.Ke4 Kg5 68.Kf3 Kf5  0-1